[Event "Ostsjaellands EMT 2005"]
[Site "Faxe"]
[Date "2005.04.13"]
[Round "3"]
[White "Christoffersen, Ib"]
[Black "Wehlast, Svend Erik"]
[Result "1-0"]
[WhiteElo "1361"]
[BlackElo "1479"]
[PlyCount "111"]
[EventDate "2005.??.??"]

1. d4 e6 2. Nf3 h6 3. e3 d5 4. Bd3 c5 5. c4 dxc4 6. Bxc4 cxd4 7. exd4 Nf6 8.
O-O a6 9. Re1 b5 10. Bb3 Bb7 11. Nc3 Bb4 12. a3 Ba5 13. Bf4 Nd5 14. Bd2 O-O 15.
Ne5 Qh4 16. Nxd5 Bxd2 17. Qxd2 exd5 18. Bc2 Nc6 19. Qd3 f5 20. Ng6 Qxd4 21.
Nxf8 Qxd3 22. Bxd3 Kxf8 23. Rad1 Na5 24. Bc2 Nc4 25. Bb3 Rd8 26. Bxc4 bxc4 27.
Rd4 Kf7 28. h4 a5 29. h5 a4 30. Re5 Kf6 31. f4 Rd6 32. g3 Rb6 33. Re2 Rb3 34.
Kf2 Bc6 35. Rdd2 Rb8 36. Re3 d4 37. Rxd4 Rxb2+ 38. Re2 Rxe2+ 39. Kxe2 Ke6 40.
Kd2 Be8 41. Rxc4 Kf6 42. Ke3 g5 43. Rb4 gxf4+ 44. Kxf4 Bd7 45. Rb6+ Be6 46. Ra6
Kf7 47. Rxa4 Bb3 48. Ra7+ Kf6 49. Ra6+ Kg7 50. Kxf5 Bc2+ 51. Kf4 Bd1 52. g4 Be2
53. Ra7+ Kf6 54. Rh7 Bd3 55. Rxh6+ Kg7 56. Rd6 1-0

[Event "Ostsjaellands EMT 2005"]
[Site "Faxe"]
[Date "2005.04.13"]
[Round "3"]
[White "Eriksen, Knud Ejler"]
[Black "Nielsen, Rickard Hjorth"]
[Result "0-1"]
[WhiteElo "1131"]
[BlackElo "1372"]
[PlyCount "113"]
[EventDate "2005.??.??"]

1. e4 e5 2. Nf3 d6 3. d3 Nf6 4. Bg5 Be7 5. Be2 Nc6 6. Nc3 Be6 7. a3 a5 8. Qd2
h6 9. Bh4 O-O 10. O-O Qd7 11. a4 Rad8 12. Rad1 Rfe8 13. h3 Nb4 14. b3 Qc6 15.
Rc1 Kh7 16. Nh2 d5 17. Bxf6 Bxf6 18. Bf3 d4 19. Ne2 Bg5 20. Qd1 Bxc1 21. Nxc1
Qxc2 22. Qxc2 Nxc2 23. Bd1 Nb4 24. Nf3 Nc6 25. Nd2 f5 26. f4 exf4 27. Rxf4 g5
28. Rf3 Ne5 29. Rf2 f4 30. Bh5 Re7 31. Nf3 Nxf3+ 32. Bxf3 c6 33. Rc2 Rc8 34.
Bd1 c5 35. Kf2 Kg6 36. Rb2 h5 37. Ne2 Rf7 38. Ng1 g4 39. Kf1 Kg5 40. Rf2 Rcf8
41. Ke1 Rb8 42. Ra2 b5 43. Ra1 bxa4 44. bxa4 c4 45. dxc4 Bxc4 46. Rc1 Rb4 47.
Ne2 d3 48. Nc3 Rb2 49. Nb1 Rb4 50. Nd2 Rc7 51. Kf1 Rc5 52. Nb3 d2+ 53. Rxc4
Rcxc4 54. Nxd2 Rd4 55. Ke2 Rb2 56. Bb3 Rdxd2+ 57. Kf1 0-1

[Event "Ostsjaellands EMT 2005"]
[Site "Faxe"]
[Date "2005.04.20"]
[Round "4"]
[White "Refsgaard, Kaj"]
[Black "Nielsen, Rickard Hjorth"]
[Result "1-0"]
[WhiteElo "1634"]
[BlackElo "1372"]
[PlyCount "121"]
[EventDate "2005.??.??"]

1. d4 d5 2. c4 e6 3. Nc3 Nf6 4. Bg5 Be7 5. e3 h6 6. Bh4 Nbd7 7. Rc1 b6 8. Nf3
Bb7 9. cxd5 exd5 10. Bd3 c5 11. O-O O-O 12. Bf5 Ne4 13. Bxe7 Qxe7 14. dxc5 Nxc3
15. Rxc3 Nxc5 16. Nd4 Ne4 17. Rc2 g6 18. Bh3 Qg5 19. Qe2 Nc5 20. Rd1 Ba6 21.
Qf3 Ne4 22. Rdc1 Bd3 23. Rc7 Nc5 24. Rc3 Be4 25. Qe2 Qe5 26. Rc6 Rab8 27. b3
Qg5 28. Qd1 Rb7 29. f3 Bd3 30. Rxd3 Nxd3 31. Qxd3 Rfb8 32. Kf2 Re7 33. Rc8+
Rxc8 34. Bxc8 Qh4+ 35. Ke2 Rc7 36. Bh3 Rc1 37. Qd2 Rc7 38. Nb5 Re7 39. Qxd5 Qf6
40. Qd4 Qc6 41. Qd8+ Re8 42. Qd3 Qc1 43. Nd4 Qb2+ 44. Qd2 Qa3 45. Kf2 Qd6 46.
g3 Qe5 47. Bf1 Rd8 48. Bd3 Qh5 49. Kg2 Qc5 50. Qc2 Qg5 51. f4 Qf6 52. Nf3 Qd6
53. Ne5 Qd5+ 54. Kh3 Qe6+ 55. g4 h5 56. Bc4 hxg4+ 57. Kg3 Qf6 58. Bxf7+ Kg7 59.
Bxg6 Rf8 60. Bd3 Qe7 61. Qc4 1-0

[Event "Ostsjaellands EMT 2005"]
[Site "Faxe"]
[Date "2005.04.20"]
[Round "4"]
[White "Hansen, Arne Mandrup"]
[Black "Nielsen, Johannes"]
[Result "1-0"]
[WhiteElo "1296"]
[BlackElo "1057"]
[PlyCount "83"]
[EventDate "2005.??.??"]

1. d4 d5 2. Bf4 e6 3. e3 Nf6 4. Nf3 Nc6 5. c3 a6 6. h3 h6 7. Nbd2 Be7 8. Bd3
Bd6 9. Bxd6 Qxd6 10. O-O O-O 11. Re1 Re8 12. Nf1 b5 13. N3h2 Bb7 14. Ng3 Ne7
15. e4 dxe4 16. Nxe4 Nxe4 17. Bxe4 c6 18. Qc2 Rf8 19. Bf3 Rae8 20. Re2 Bc8 21.
Rae1 Ng6 22. g3 f5 23. Bg2 Rf6 24. Nf3 Kf7 25. Ne5+ Kg8 26. Nxc6 f4 27. Ne5 Qb8
28. Bh1 Nxe5 29. Rxe5 fxg3 30. fxg3 Bb7 31. Qe2 Bxh1 32. Kxh1 Qd6 33. Qg2 Ref8
34. Kg1 Qd5 35. Rxd5 exd5 36. Qxd5+ Kh8 37. Qg2 g5 38. b3 Rg8 39. c4 bxc4 40.
bxc4 Rc8 41. c5 Kg7 42. Qb7+ 1-0

[Event "Ostsjaellands EMT 2005"]
[Site "Faxe"]
[Date "2005.04.18"]
[Round "4"]
[White "Andersen, Bjarne Hjorth"]
[Black "Hansen, Knud"]
[Result "1/2-1/2"]
[WhiteElo "1789"]
[BlackElo "1650"]
[PlyCount "68"]
[EventDate "2005.??.??"]

1. e4 e5 2. Nf3 d6 3. d4 exd4 4. Nxd4 g6 5. Nc3 Bg7 6. Be3 a6 7. Qd2 Nd7 8. Be2
Ngf6 9. f3 O-O 10. g4 Ne5 11. O-O-O b5 12. g5 Ne8 13. Rhg1 Bb7 14. Nb3 Qb8 15.
Na5 Nc6 16. Nxb7 Qxb7 17. Nd5 a5 18. f4 Nb4 19. a3 Nxd5 20. Qxd5 c6 21. Qd3 Qe7
22. f5 Be5 23. h4 Qc7 24. Bd4 Ng7 25. Bxe5 dxe5 26. f6 Ne6 27. Qd6 Qxd6 28.
Rxd6 Nd4 29. Bg4 Rfd8 30. Rxd8+ Rxd8 31. Rd1 c5 32. c3 Nb3+ 33. Kc2 Rxd1 34.
Kxd1 c4 1/2-1/2

[Event "Ostsjaellands EMT 2005"]
[Site "Faxe"]
[Date "2005.04.20"]
[Round "4"]
[White "Wehlast, Svend Erik"]
[Black "Eriksen, Knud Ejler"]
[Result "1-0"]
[WhiteElo "1479"]
[BlackElo "1131"]
[PlyCount "51"]
[EventDate "2005.??.??"]

1. d4 Nf6 2. Nf3 d5 3. h3 h6 4. Bf4 Bf5 5. e3 e6 6. a3 a6 7. c4 c6 8. c5 Be7 9.
Nc3 b5 10. b4 a5 11. Bxb8 Rxb8 12. Ne5 Rc8 13. Nxb5 cxb5 14. Bxb5+ Kf8 15. Ba6
Rb8 16. Nc6 Qc7 17. Nxb8 Qxb8 18. b5 Bd8 19. Qb3 Qa7 20. a4 Ke7 21. Rc1 Re8 22.
c6 Bb6 23. Qa3+ Kd8 24. Qd6+ Nd7 25. cxd7 Qxd7 26. Rc8# 1-0

[Event "Ostsjaellands EMT 2005"]
[Site "Faxe"]
[Date "2005.04.20"]
[Round "4"]
[White "Lillebro, Verner"]
[Black "Rasmussen, Arne"]
[Result "1-0"]
[WhiteElo "1194"]
[BlackElo "1204"]
[PlyCount "75"]
[EventDate "2005.??.??"]

1. d4 d5 2. c4 Nf6 3. cxd5 Nxd5 4. e4 Nb6 5. Nf3 Bg4 6. Be2 e6 7. Ne5 Bxe2 8.
Qxe2 Bb4+ 9. Bd2 Bxd2+ 10. Qxd2 O-O 11. O-O N8d7 12. Ng4 Nf6 13. Nxf6+ Qxf6 14.
e5 Qg6 15. b3 Rad8 16. Qb4 Qe4 17. Rd1 Rb8 18. Nc3 Nd5 19. Qxf8+ Kxf8 20. Nxe4
b6 21. Rac1 Rc8 22. Nd6 Rd8 23. Nb5 Rd7 24. Nxa7 Nf4 25. Kf1 c5 26. Nc6 cxd4
27. Rxd4 Nd5 28. b4 g6 29. b5 Kg7 30. a4 Rc7 31. Rdc4 Rd7 32. a5 bxa5 33. Nxa5
Nb6 34. Rc6 Na4 35. b6 Nb2 36. Rd6 Re7 37. b7 Re8 38. Rc8 1-0

[Event "Ostsjaellands EMT 2005"]
[Site "Faxe"]
[Date "2005.04.20"]
[Round "4"]
[White "Christoffersen, Ib"]
[Black "Andersen, Hans Poul"]
[Result "1-0"]
[WhiteElo "1361"]
[BlackElo "1400"]
[PlyCount "47"]
[EventDate "2005.??.??"]

1. d4 d5 2. Nf3 Nc6 3. Bf4 e6 4. e3 a6 5. Bd3 Nf6 6. c3 h6 7. Nbd2 Be7 8. h3
O-O 9. Qc2 Bd7 10. g4 Bd6 11. Bxd6 cxd6 12. g5 Ne8 13. gxh6 gxh6 14. O-O-O f5
15. Rhg1+ Kh8 16. Rg6 Rf6 17. Rg2 Ne7 18. Rdg1 Bb5 19. Nh4 Bxd3 20. Qxd3 Kh7
21. Qe2 Rf7 22. Qh5 Rg7 23. Ndf3 Ng8 24. Rxg7+ 1-0

[Event "Ostsjaellands EMT 2005"]
[Site "Faxe"]
[Date "2005.04.20"]
[Round "4"]
[White "Gisli, Theodor"]
[Black "Eckert, Svend"]
[Result "1-0"]
[WhiteElo "1538"]
[BlackElo "1623"]
[PlyCount "50"]
[EventDate "2005.??.??"]

1. e4 c6 2. d4 d5 3. Nc3 g6 4. g3 Bg7 5. e5 f6 6. f4 Nh6 7. Nf3 O-O 8. Bg2 Bg4
9. O-O Qc8 10. Qe2 Na6 11. a3 Nf5 12. Be3 h5 13. Qd3 Nxe3 14. Qxe3 Kh7 15. Rae1
fxe5 16. Ng5+ Kh8 17. fxe5 Bf5 18. Rf2 e6 19. Ref1 c5 20. Nb5 cxd4 21. Nxd4 Qc5
22. c3 Nc7 23. Nxf5 Qxe3 24. Nxe3 Rxf2 25. Rxf2 Bxe5 1-0

[Event "Ostsjaellands EMT 2005"]
[Site "Faxe"]
[Date "2005.04.20"]
[Round "4"]
[White "Jensen, Leif"]
[Black "Jensen, Herman"]
[Result "1-0"]
[WhiteElo "2036"]
[BlackElo "1650"]
[PlyCount "67"]
[EventDate "2005.??.??"]

1. e4 e5 2. Nc3 d6 3. Bc4 Nc6 4. Nf3 Be7 5. d3 Na5 6. Bb3 Nf6 7. O-O O-O 8. Be3
Kh8 9. Qd2 Ng4 10. Nd5 Nxe3 11. Qxe3 Nxb3 12. axb3 b6 13. Ra2 Bb7 14. Rfa1 a6
15. Nxe7 Qxe7 16. Nd2 g6 17. f3 f5 18. Re1 f4 19. Qf2 g5 20. Raa1 c5 21. b4 Qc7
22. bxc5 bxc5 23. g4 Bc6 24. Kg2 Kg7 25. h4 h6 26. hxg5 hxg5 27. Rh1 Rh8 28.
Rxh8 Kxh8 29. Rh1+ Kg7 30. Rh5 Qe7 31. Nc4 Bb5 32. Nxd6 Qxd6 33. Rxg5+ Kh6 34.
Qh4# 1-0

[Event "Ostsjaellands EMT 2005"]
[Site "Faxe"]
[Date "2005.04.25"]
[Round "4"]
[White "Christoffersen, Per"]
[Black "Hansen, Egon"]
[Result "1/2-1/2"]
[WhiteElo "1495"]
[BlackElo "1619"]
[PlyCount "42"]
[EventDate "2005.??.??"]

1. d4 d5 2. Nf3 Nf6 3. e3 c6 4. c4 e6 5. Nc3 Bd6 6. Qc2 O-O 7. Bd3 Nbd7 8. O-O
Qc7 9. cxd5 exd5 10. h3 Re8 11. Bd2 Nf8 12. Rac1 a6 13. Rfe1 Bd7 14. e4 dxe4
15. Nxe4 Nxe4 16. Bxe4 Rac8 17. Qd3 Bf4 18. d5 Bxd2 19. Qxd2 Qd6 20. Rcd1 Qf6
21. dxc6 Bxc6 1/2-1/2

[Event "Ostsjaellands EMT 2005"]
[Site "Faxe"]
[Date "2005.04.27"]
[Round "5"]
[White "Andersen, Bjarne Hjorth"]
[Black "Jensen, Leif"]
[Result "1/2-1/2"]
[WhiteElo "1789"]
[BlackElo "2036"]
[PlyCount "43"]
[EventDate "2005.??.??"]

1. e4 e6 2. d4 d5 3. exd5 exd5 4. Bd3 Bd6 5. Qf3 c6 6. Ne2 Nf6 7. Bf4 O-O 8.
Bxd6 Qxd6 9. O-O Re8 10. Nbc3 Nbd7 11. Qg3 Qxg3 12. Nxg3 Nf8 13. Rfe1 Bd7 14.
Rad1 g6 15. Nce2 Kg7 16. c3 Re7 17. Nf4 Rae8 18. Rxe7 Rxe7 19. Kf1 Ne8 20. Re1
Rxe1+ 21. Kxe1 Nd6 22. f3 1/2-1/2

[Event "Ostsjaellands EMT 2005"]
[Site "Faxe"]
[Date "2005.04.27"]
[Round "5"]
[White "Lillebro, Verner"]
[Black "Wehlast, Svend Erik"]
[Result "0-1"]
[WhiteElo "1194"]
[BlackElo "1479"]
[PlyCount "88"]
[EventDate "2005.??.??"]

1. d4 d5 2. c4 e6 3. cxd5 exd5 4. a3 Nf6 5. Nf3 h6 6. e3 c6 7. Nc3 Nbd7 8. Bd3
Be7 9. O-O O-O 10. Qc2 Bd6 11. Re1 Re8 12. b4 Nf8 13. Ne2 Bd7 14. Rb1 a6 15.
Bb2 Qc7 16. g3 Re7 17. Nh4 Ne4 18. Nf4 Rae8 19. Nf3 Bg4 20. Ne5 Bxe5 21. dxe5
Bf3 22. Be2 Ng5 23. h4 Be4 24. Nd3 Nf3+ 25. Bxf3 Bxf3 26. Qc3 Ne6 27. Nf4 g5
28. hxg5 hxg5 29. Ne2 f5 30. exf6 Rh7 31. f7+ Qxf7 32. Kf1 Rh1+ 33. Ng1 Qh7 34.
Qh8+ Qxh8 35. Bxh8 Kxh8 36. Rec1 Kg7 37. Ke1 Rxg1+ 38. Kd2 Rxc1 39. Rxc1 g4 40.
Re1 Ng5 41. Kd3 Be4+ 42. Ke2 Rf8 43. Rf1 Nh3 44. Ke1 Bg2 0-1

[Event "Ostsjaellands EMT 2005"]
[Site "Faxe"]
[Date "2005.04.27"]
[Round "5"]
[White "Andersen, Hans Poul"]
[Black "Eckert, Svend"]
[Result "0-1"]
[WhiteElo "1400"]
[BlackElo "1623"]
[PlyCount "76"]
[EventDate "2005.??.??"]

1. e4 d5 2. Nc3 d4 3. Nce2 e5 4. d3 c5 5. h3 Nc6 6. Nf3 f5 7. exf5 Bxf5 8. Ng3
Bg6 9. Be2 Be7 10. O-O Nf6 11. Ng5 Qd7 12. Bf3 O-O-O 13. N5e4 Kb8 14. Nxf6 gxf6
15. Bd2 Rdg8 16. Qe2 Bd6 17. Rae1 Qe8 18. Bxc6 Qxc6 19. Ne4 Bc7 20. f4 f5 21.
Ng5 h6 22. Nf3 e4 23. dxe4 fxe4 24. Ne5 Bxe5 25. fxe5 e3 26. Bc1 Qe4 27. Qf3
Qxe5 28. Qf4 Qc7 29. Qxc7+ Kxc7 30. c3 Rh7 31. Rf4 Rf7 32. Rxf7+ Bxf7 33. cxd4
cxd4 34. b3 Bd5 35. Re2 Kd6 36. Ba3+ Ke5 37. Bb2 Ke4 38. g4 d3 0-1

[Event "Ostsjaellands EMT 2005"]
[Site "Faxe"]
[Date "2005.04.27"]
[Round "5"]
[White "Hansen, Knud"]
[Black "Refsgaard, Kaj"]
[Result "0-1"]
[WhiteElo "1650"]
[BlackElo "1634"]
[PlyCount "86"]
[EventDate "2005.??.??"]

1. e4 c5 2. d3 Nc6 3. Nc3 g6 4. Nf3 Nf6 5. Be2 Bg7 6. Rb1 d6 7. O-O O-O 8. h3
a6 9. a3 b5 10. Bd2 Be6 11. b3 Nd4 12. Be3 Nxe2+ 13. Nxe2 Qc8 14. Nf4 Bd7 15.
e5 dxe5 16. Nxe5 Rd8 17. Nxd7 Rxd7 18. Qf3 Rb8 19. Rfd1 h6 20. c4 e6 21. Ne2
bxc4 22. Bf4 Rxb3 23. Rxb3 cxb3 24. Rb1 Qb7 25. Qxb7 Rxb7 26. Be5 Nd7 27. Bxg7
Kxg7 28. Rb2 Ne5 29. Nc1 c4 30. dxc4 Nxc4 31. Rxb3 Rxb3 32. Nxb3 Nxa3 33. Na5
Kf6 34. Kf1 Ke5 35. Ke2 Kd5 36. Kd3 e5 37. f3 f5 38. h4 e4+ 39. fxe4+ fxe4+ 40.
Ke2 Nc4 41. Nb7 a5 42. Nd8 a4 43. Nf7 a3 0-1

[Event "Ostsjaellands EMT 2005"]
[Site "Faxe"]
[Date "2005.04.27"]
[Round "5"]
[White "Toftvang, Ove"]
[Black "Hansen, Arne Mandrup"]
[Result "1/2-1/2"]
[WhiteElo "1329"]
[BlackElo "1296"]
[PlyCount "59"]
[EventDate "2005.??.??"]

1. e4 d5 2. e5 Bf5 3. d4 e6 4. Nf3 Nd7 5. a3 c6 6. Be2 h6 7. O-O Ne7 8. h3 Qc7
9. b4 O-O-O 10. Nc3 f6 11. Na4 Be4 12. Nc5 Nxc5 13. bxc5 Bxf3 14. Bxf3 fxe5 15.
Bg4 Nf5 16. c3 g6 17. Re1 e4 18. Qb3 h5 19. Bxf5 gxf5 20. g3 Bh6 21. c4 Bxc1
22. Raxc1 h4 23. Rc3 Rdg8 24. cxd5 exd5 25. Kg2 Rg6 26. Rg1 Kb8 27. Kf1 hxg3
28. Rcxg3 Rxg3 29. Rxg3 Qh7 30. Qe3 1/2-1/2

[Event "Ostsjaellands EMT 2005"]
[Site "Faxe"]
[Date "2005.04.27"]
[Round "5"]
[White "Rasmussen, Arne"]
[Black "Eriksen, Knud Ejler"]
[Result "1-0"]
[WhiteElo "1204"]
[BlackElo "1131"]
[PlyCount "115"]
[EventDate "2005.??.??"]

1. d4 Nf6 2. Nf3 d5 3. e3 Bf5 4. Bd3 Bxd3 5. cxd3 e6 6. O-O Bd6 7. h3 O-O 8. b3
c6 9. Bb2 Qe7 10. Nbd2 Nbd7 11. e4 dxe4 12. dxe4 e5 13. dxe5 Nxe5 14. Qe2 Rfe8
15. Nxe5 Bxe5 16. Bxe5 Qxe5 17. Qf3 Nxe4 18. Nxe4 Qxe4 19. Qc3 Qf4 20. Rad1 Re2
21. Rd3 Rxa2 22. Rf3 Qc7 23. Re1 Rd8 24. Rfe3 Qb8 25. Qc5 h6 26. Re7 Rad2 27.
Qf5 Rf8 28. Qe4 Rdd8 29. g3 c5 30. Qxb7 Qxb7 31. Rxb7 Ra8 32. Ree7 a5 33. Rec7
a4 34. bxa4 Ra5 35. Rb5 Rxb5 36. axb5 Rb8 37. Rxc5 Kf8 38. Rh5 Ke7 39. Kf1 Rb6
40. h4 Ke6 41. Rc5 Kd6 42. Rf5 f6 43. h5 Ke6 44. g4 Rd6 45. Kg2 Rd5 46. b6 Rxf5
47. gxf5+ Kd7 48. Kf3 Kc6 49. Ke4 Kxb6 50. Kd5 Kb5 51. Ke6 Kc5 52. Kf7 Kd5 53.
Kxg7 Ke5 54. Kg6 Kf4 55. Kxf6 Kg4 56. Kg6 Kf4 57. f6 Ke5 58. f7 1-0

[Event "Ostsjaellands EMT 2005"]
[Site "Faxe"]
[Date "2005.04.27"]
[Round "5"]
[White "Jensen, Herman"]
[Black "Christoffersen, Ib"]
[Result "1-0"]
[WhiteElo "1650"]
[BlackElo "1361"]
[PlyCount "79"]
[EventDate "2005.??.??"]

1. e4 e5 2. Nf3 Nc6 3. Bc4 h6 4. O-O Bc5 5. c3 d6 6. d4 Bb6 7. dxe5 Bg4 8. exd6
cxd6 9. Bf4 Bc7 10. h3 Bh5 11. Na3 Qf6 12. Nb5 O-O-O 13. Nxc7 Qxf4 14. Nd5 Qxe4
15. Nd2 Qe5 16. g4 Bg6 17. Re1 Be4 18. Rxe4 Qg5 19. Nf3 Qg6 20. Qe2 Nf6 21.
Ne7+ Nxe7 22. Rxe7 Rhe8 23. Bxf7 Qxf7 24. Rxe8 Rxe8 25. Qd3 Qd7 26. Nd4 a6 27.
Rd1 Kb8 28. Nf5 Re6 29. Kf1 Qc6 30. f3 Ne8 31. Nd4 Qd5 32. Nxe6 Qxe6 33. b3 Qd7
34. c4 b6 35. b4 Qa4 36. a3 Qd7 37. c5 bxc5 38. bxc5 Qb5 39. Qxb5+ axb5 40.
cxd6 1-0

[Event "Ostsjaellands EMT 2005"]
[Site "Faxe"]
[Date "2005.04.27"]
[Round "5"]
[White "Nielsen, Rickard Hjorth"]
[Black "Christoffersen, Per"]
[Result "0-1"]
[WhiteElo "1372"]
[BlackElo "1495"]
[PlyCount "106"]
[EventDate "2005.??.??"]

1. e4 e6 2. d4 d5 3. exd5 exd5 4. c4 Nf6 5. Nf3 c6 6. cxd5 Nxd5 7. Bc4 Qe7+ 8.
Be2 Qb4+ 9. Qd2 Nf4 10. Bf1 Bd6 11. g3 Nd5 12. Bg2 O-O 13. O-O Qxd2 14. Bxd2
Be6 15. Nc3 Nd7 16. Ne4 Bc7 17. Nfg5 Bf5 18. Nc5 Nxc5 19. dxc5 Be5 20. Ne4 Rad8
21. Bg5 Rd7 22. Bc1 Nb4 23. a4 Nd3 24. Rb1 Bxe4 25. Bxe4 Nxc5 26. Bf5 Rdd8 27.
a5 Nb3 28. Be3 Bd4 29. Bg5 Rd5 30. Bc2 Rxg5 31. Bxb3 Rxa5 32. Rfd1 c5 33. Bd5
b6 34. b4 Ra3 35. bxc5 Bxc5 36. Ra1 Rxa1 37. Rxa1 a5 38. Bc4 Rd8 39. Ra2 Rd4
40. Bb5 Rb4 41. Bc6 Rc4 42. Bd7 Rc3 43. Bb5 Ra3 44. Rd2 a4 45. Rd8+ Bf8 46. Ra8
Ra1+ 47. Kg2 a3 48. Kh3 g6 49. Ra7 Re1 50. Bc4 Re7 51. Rxa3 Rc7 52. Bf1 Bxa3
53. Kg4 Rb7 0-1

[Event "Ostsjaellands EMT 2005"]
[Site "Faxe"]
[Date "2005.05.02"]
[Round "5"]
[White "Hansen, Egon"]
[Black "Gisli, Theodor"]
[Result "1/2-1/2"]
[WhiteElo "1619"]
[BlackElo "1538"]
[PlyCount "37"]
[EventDate "2005.??.??"]

1. d4 f5 2. c4 Nf6 3. Nc3 e6 4. Nf3 d5 5. Bf4 c6 6. e3 Bd6 7. Ne5 O-O 8. Bd3
Qe8 9. O-O Nbd7 10. h3 Bxe5 11. dxe5 Ne4 12. Bxe4 fxe4 13. cxd5 exd5 14. Nxd5
cxd5 15. Qxd5+ Kh8 16. Qxe4 Nc5 17. Qd4 Ne6 18. Qe4 Nc5 19. Qd4 1/2-1/2

[Event "Ostsjaellands EMT 2005"]
[Site "Faxe"]
[Date "2005.??.??"]
[Round "6"]
[White "Hansen, Arne Mandrup"]
[Black "Rasmussen, Arne"]
[Result "1-0"]
[WhiteElo "1296"]
[BlackElo "1204"]
[PlyCount "113"]
[EventDate "2005.??.??"]

1. d4 d5 2. Bf4 Nf6 3. e3 Bg4 4. f3 Bf5 5. g4 Bg6 6. Bg3 e6 7. h4 h6 8. Bd3
Bxd3 9. Qxd3 Bd6 10. Ne2 Bxg3+ 11. Nxg3 Qd6 12. Rh3 Nc6 13. Nc3 O-O-O 14. O-O-O
Nb4 15. Qb5 a6 16. Qa4 Nc6 17. Nce2 Qd7 18. Qa3 Qe7 19. Qxe7 Nxe7 20. a3 Nc6
21. e4 dxe4 22. Nxe4 Nxe4 23. fxe4 g5 24. h5 Rd7 25. Rhh1 Rhd8 26. c3 Na5 27.
Kc2 Nc4 28. Kb3 Ne5 29. Rhg1 c5 30. Rdf1 cxd4 31. cxd4 Nc6 32. Rc1 Kb8 33. Rgf1
Re7 34. Rf6 Rh8 35. Rcf1 Rh7 36. Ka2 Kc8 37. b4 Kd8 38. Rd1 Ke8 39. Nc3 Rd7 40.
d5 Ne5 41. Rg1 Ke7 42. Rff1 Rc7 43. Kb3 Rc4 44. dxe6 Kxe6 45. Rd1 Rc7 46. Rd5
f6 47. Ne2 Rhd7 48. Nd4+ Ke7 49. Nf5+ Ke6 50. Rxd7 Rxd7 51. Nxh6 Rd3+ 52. Kc2
Rxa3 53. Nf5 Rh3 54. h6 Nf7 55. Nd4+ Ke5 56. Ne2 Nxh6 57. Ng3 1-0

[Event "Ostsjaellands EMT 2005"]
[Site "Faxe"]
[Date "2005.05.04"]
[Round "6"]
[White "Hansen, Knud"]
[Black "Wehlast, Svend Erik"]
[Result "1/2-1/2"]
[WhiteElo "1650"]
[BlackElo "1479"]
[PlyCount "66"]
[EventDate "2005.??.??"]

1. e4 d6 2. Bc4 Nc6 3. d3 h6 4. Nc3 Nf6 5. a3 e5 6. h3 a6 7. Ba2 b5 8. Nf3 Bb7
9. O-O Nd4 10. Nxd4 exd4 11. Ne2 c5 12. Ng3 Qd7 13. Bd2 Qc7 14. Qe1 g6 15. Rc1
Bg7 16. c3 dxc3 17. Bxc3 O-O 18. Qd2 Kh7 19. Qf4 Ng8 20. Bxg7 Kxg7 21. b4 Rac8
22. bxc5 dxc5 23. Qxc7 Rxc7 24. Rc3 Rfc8 25. Rfc1 a5 26. Ne2 Nf6 27. f3 Ba6 28.
Kf2 Nd7 29. Nf4 c4 30. dxc4 bxc4 31. Nd5 Rc5 32. Ne3 Ne5 33. Bb1 Rd8 1/2-1/2

[Event "Ostsjaellands EMT 2005"]
[Site "Faxe"]
[Date "2005.05.11"]
[Round "6"]
[White "Eckert, Svend"]
[Black "Christoffersen, Per"]
[Result "0-1"]
[WhiteElo "1623"]
[BlackElo "1495"]
[PlyCount "42"]
[EventDate "2005.??.??"]

1. e4 e6 2. f4 d5 3. e5 Ne7 4. Nf3 c5 5. c3 Nbc6 6. Na3 a6 7. Nc2 Bd7 8. Ng5 h6
9. Qh5 Ng6 10. Nxf7 Kxf7 11. Bd3 Qh4+ 12. Qxh4 Nxh4 13. O-O c4 14. Be2 Bc5+ 15.
Kh1 Rhf8 16. d4 cxd3 17. Bxd3 Nf5 18. g4 Nfe7 19. Be3 Bxe3 20. Nxe3 Kg8 21. Rf3
Nxe5 0-1

[Event "Ostsjaellands EMT 2005"]
[Site "Faxe"]
[Date "2005.05.11"]
[Round "6"]
[White "Nielsen, Rickard Hjorth"]
[Black "Lillebro, Verner"]
[Result "1-0"]
[WhiteElo "1372"]
[BlackElo "1194"]
[PlyCount "84"]
[EventDate "2005.??.??"]

1. e4 c5 2. Nf3 e6 3. Nc3 g6 4. Bc4 Bg7 5. d4 cxd4 6. Nxd4 Qb6 7. Ndb5 Bxc3+ 8.
bxc3 d5 9. Be3 Qc6 10. exd5 exd5 11. Qxd5 Na6 12. Qxf7+ Kd8 13. Qf8+ Qe8 14.
Rd1+ Bd7 15. Qg7 Ne7 16. O-O Nc7 17. Nd6 Qf8 18. Nf7+ Kc8 19. Qxh8 Qxh8 20.
Nxh8 b6 21. Nf7 Nf5 22. Nd6+ Kb8 23. Nxf5 Bxf5 24. Rd8+ Kb7 25. Rxa8 Kxa8 26.
Bf4 Kb7 27. Bxc7 Kxc7 28. Bd3 Be6 29. h3 a5 30. a3 Kd6 31. Re1 Kd7 32. c4 Kd6
33. c3 Kd7 34. Re5 Kd6 35. f4 g5 36. Rxg5 Bf7 37. Bxh7 Bxc4 38. f5 Ke5 39. Rg6
b5 40. Ra6 a4 41. Rb6 Bd3 42. f6 Bxh7 1-0

[Event "Ostsjaellands EMT 2005"]
[Site "Faxe"]
[Date "2005.05.11"]
[Round "6"]
[White "Jensen, Leif"]
[Black "Refsgaard, Kaj"]
[Result "1-0"]
[WhiteElo "2036"]
[BlackElo "1634"]
[PlyCount "59"]
[EventDate "2005.??.??"]

1. e4 c5 2. g3 Nc6 3. Bg2 g6 4. c3 d6 5. d3 Bg7 6. f4 Nf6 7. Nf3 O-O 8. O-O e5
9. Be3 Ng4 10. Bd2 Qb6 11. Qb3 Qc7 12. Na3 Be6 13. Qc2 a6 14. Ng5 Ne7 15. Nxe6
fxe6 16. Bh3 h5 17. Bxg4 hxg4 18. Qd1 exf4 19. Qxg4 fxg3 20. Qxe6+ Kh7 21. hxg3
Ng8 22. Kg2 Rae8 23. Rh1+ Nh6 24. Qh3 Qf7 25. Raf1 Qxa2 26. Bxh6 Rxf1 27. Bxg7+
Kxg7 28. Qh7+ Kf6 29. Rxf1+ Ke5 30. Nc4+ 1-0

[Event "Ostsjaellands EMT 2005"]
[Site "Faxe"]
[Date "2005.05.11"]
[Round "6"]
[White "Jensen, Herman"]
[Black "Andersen, Bjarne Hjorth"]
[Result "1-0"]
[WhiteElo "1650"]
[BlackElo "1789"]
[PlyCount "113"]
[EventDate "2005.??.??"]

1. e4 c6 2. d4 d5 3. Nc3 dxe4 4. Nxe4 Nd7 5. Bc4 Ngf6 6. Nxf6+ Nxf6 7. c3 e6 8.
Bg5 h6 9. Bh4 Be7 10. Nf3 Bd7 11. O-O g5 12. Bg3 Ne4 13. Ne5 h5 14. h3 Rh6 15.
Bd3 Nd6 16. f4 f5 17. fxg5 Bxg5 18. Qf3 Qe7 19. Bf4 O-O-O 20. Qe3 Bxf4 21. Qxf4
Rdh8 22. Rae1 Qf8 23. Re3 Nf7 24. Nf3 Rg6 25. Nh4 Rg5 26. Rff3 Rhg8 27. Rg3 Qd6
28. Qxd6 Nxd6 29. Rxg5 Rxg5 30. Kf2 Kd8 31. Rg3 Rxg3 32. Kxg3 Ke7 33. Nf3 Kf6
34. Kh4 Be8 35. Ne5 Nf7 36. Nf3 Nd6 37. Be2 Ne4 38. Ne5 c5 39. Bxh5 Bb5 40. Bf3
cxd4 41. cxd4 Nd6 42. Kg3 b6 43. Kf4 Nc4 44. Nxc4 Bxc4 45. a3 Bb5 46. Bb7 Be8
47. g4 fxg4 48. hxg4 Bd7 49. g5+ Ke7 50. Ke5 Be8 51. Be4 Ba4 52. Bh7 Bb3 53.
Bg8 Bd5 54. Bh7 Bb3 55. Be4 Bc4 56. g6 Bb3 57. d5 1-0

[Event "Ostsjaellands EMT 2005"]
[Site "Faxe"]
[Date "2005.05.11"]
[Round "6"]
[White "Nielsen, Johannes"]
[Black "Toftvang, Ove"]
[Result "0-1"]
[WhiteElo "1057"]
[BlackElo "1329"]
[PlyCount "99"]
[EventDate "2005.??.??"]

1. e4 e5 2. Nf3 Nc6 3. Bb5 Nd4 4. Nxd4 exd4 5. d3 Bd6 6. g3 a6 7. Ba4 b5 8. Bb3
Qf6 9. Nd2 a5 10. c3 dxc3 11. bxc3 a4 12. Bc2 Qxc3 13. Rb1 a3 14. Rb3 Qf6 15.
O-O c6 16. Nf3 h6 17. Re1 Bc7 18. Bd2 Qd8 19. Bc3 Nf6 20. Bxf6 Qxf6 21. d4 O-O
22. Qd3 g6 23. Qd2 Qg7 24. Rbe3 d6 25. e5 Bg4 26. Be4 d5 27. Bc2 Ba5 28. Qc1
Bxe1 29. Qxe1 Be6 30. Qc3 g5 31. Qc5 h5 32. Kg2 h4 33. Ng1 g4 34. gxh4 Qh6 35.
Qc3 f6 36. Rg3 f5 37. f4 Kh8 38. Qe3 b4 39. Bb3 Rf7 40. Qc1 Rc7 41. Ne2 Re8 42.
Qd2 Rb8 43. Qd3 Rh7 44. Qe3 Qxh4 45. Kf2 Qxh2+ 46. Rg2 Qh1 47. Ng3 Qb1 48. Ne2
Rh1 49. Rg1 Rh2+ 50. Rg2 0-1